Sociologues par livres - Statistiques

Statistiques générales
  • Ce quiz a été pris 233 fois
    223 depuis la dernière actualisation
  • Le résultat moyen est 4 sur 12
Statistiques - réponses
Ouvrage Sociologue % Correct
De la division du travail social Émile Durkheim
68%
Outsiders Howard Becker
62%
La noblesse d'État Pierre Bourdieu
56%
Asiles Erving Goffman
54%
Économie et Société Max Weber
53%
L'inégalité des chances Raymond Boudon
35%
Mozart, sociologie d'un génie Norbert Elias
20%
The People Choice Paul Lazarsfeld
20%
L'ennemi Principal Christine Delphy
17%
Le raisonnement sociologique Jean-Claude Passeron
16%
Démocratie et Totalitarisme Raymond Aron
14%
L'idéologie raciste Colette Guillaumin
13%
Aucun quiz correspondant
Distribution des résultats
% des personnes avec chaque résultat
Percentile par nombre de réponses
Votre historique - résultats
Vous n’avez pas pris ce quiz depuis la dernière actualisation